[Event "POL-chT3"]
[Site "Jastrzebia Gora POL"]
[Date "2015.??.??"]
[Round "7.99"]
[White "Miasik, Adrian"]
[Black "Budnik, Mateusz"]
[Result "1/2-1/2"]
[WhiteElo "1754"]
[BlackElo "1981"]
[EventDate "2015.??.??"]
[WhiteTitle "I"]
[BlackTitle "I++"]

1.d4 Nf6 2.Nf3 g6 3.c4 Bg7 4.Nc3 O-O 5.e4 d6 6.Be2 Nbd7 7.O-O e5 8.dxe5 
dxe5 9.Qc2 c6 10.Rd1 Qc7 11.b3 Nc5 12.Be3 Ne6 13.h3 b6 14.b4 Bb7 15.Rac1 
Rad8 16.Qa4 Qb8 17.c5 b5 18.Qa5 Rxd1+ 19.Rxd1 Rd8 20.Rxd8+ Nxd8 21.Bd1 Ne6
22.Bb3 Bc8 23.Ng5 Ne8 24.Nxe6 Bxe6 25.Bxe6 fxe6 26.Bg5 Qc7 27.Qxc7 Nxc7 
28.Nd1 Na6 29.a3 Nb8 30.Nb2 Kf7 31.Bd8 Nd7 32.Nd3 Bh6 33.Bc7 Kf6 34.g4 Bd2
35.Kg2 g5 36.Bd6 h6 37.Kf3 Bc3 38.Ke2 a5 39.bxa5 Bxa5 40.Nb4 Bxb4 41.axb4 
Kg6 42.f3 h5 43.Ke3 h4 1/2-1/2

[Event "POL-chT3"]
[Site "Jastrzebia Gora POL"]
[Date "2015.??.??"]
[Round "7.100"]
[White "Zolnierowicz, Krzysztof"]
[Black "Ziemniak, Piotr"]
[Result "1-0"]
[WhiteElo "2043"]
[BlackElo "1838"]
[EventDate "2015.??.??"]
[WhiteTitle "IM"]
[BlackTitle "I"]

1.e4 c5 2.Nf3 d6 3.c3 Nc6 4.d4 Nf6 5.d5 Ne5 6.Nfd2 Bg4 7.f3 Bd7 8.a4 e6 9.
c4 exd5 10.cxd5 Be7 11.Nc3 O-O 12.f4 Ng6 13.Nc4 Re8 14.Bd3 Ng4 15.O-O Bf6 
16.Ne2 Be7 17.h3 Nf6 18.Nc3 Qc8 19.e5 Bxh3 20.exf6 Bxf6 21.f5 Bd4+ 22.Kh2 
Bxg2 23.Kxg2 Nh4+ 24.Kh1 Qd8 25.Ne4 Nxf5 26.Bg5 Ng3+ 27.Kg2 f6 28.Nxg3 
fxg5 29.Bxh7+ Kxh7 30.Qh5+ 1-0

[Event "POL-chT3"]
[Site "Jastrzebia Gora POL"]
[Date "2015.??.??"]
[Round "7.101"]
[White "Wasik, Roman"]
[Black "Stolarczyk, Adam"]
[Result "0-1"]
[WhiteElo "1531"]
[BlackElo "2160"]
[EventDate "2015.??.??"]
[WhiteTitle "II+"]
[BlackTitle "k"]

1.Nf3 Nf6 2.c4 g6 3.d4 Bg7 4.Nc3 d6 5.e4 O-O 6.Be2 e5 7.O-O Nc6 8.d5 Ne7 
9.b4 Ne8 10.Ne1 f5 11.g4 Nf6 12.g5 Nxe4 13.Nxe4 fxe4 14.Ng2 Nf5 15.Bg4 Nd4
16.Be3 Nf3+ 17.Bxf3 exf3 18.Nh4 Qd7 19.Nxf3 Qg4+ 20.Kh1 Rxf3 21.Rc1 Qe4 
22.Qc2 Rxe3+ 23.Qxe4 Rxe4 0-1

[Event "POL-chT3"]
[Site "Jastrzebia Gora POL"]
[Date "2015.??.??"]
[Round "7.102"]
[White "Pyzewska, Ewelina"]
[Black "Wasik, Justyna"]
[Result "0-1"]
[WhiteElo "1316"]
[BlackElo "1369"]
[EventDate "2015.??.??"]
[WhiteTitle "II"]
[BlackTitle "I"]

1.e4 d6 2.d4 g6 3.Bc4 Bg7 4.Nc3 Nf6 5.Be3 O-O 6.Qd2 Nc6 7.h3 e5 8.d5 Ne7 
9.g4 a6 10.f3 h5 11.Bg5 Kh7 12.Bxf6 Bxf6 13.gxh5 Bh4+ 14.Kd1 gxh5 15.f4 
exf4 16.Qxf4 Ng6 17.Qf3 Qg5 18.Be2 Nf4 19.Bf1 f5 20.Bc4 b5 21.Bb3 Bd7 22.
a3 Rae8 23.Ba2 fxe4 24.Nxe4 Qe5 25.c3 Nxh3 26.Qe2 Bg4 0-1

[Event "POL-chT3"]
[Site "Jastrzebia Gora POL"]
[Date "2015.??.??"]
[Round "7.103"]
[White "Zielinski, Maciej"]
[Black "Maj, Pawel"]
[Result "1/2-1/2"]
[WhiteElo "2125"]
[BlackElo "2078"]
[EventDate "2015.??.??"]
[WhiteTitle "I++"]
[BlackTitle "k"]

1.e4 c5 2.Nf3 d6 3.Bb5+ Nd7 4.c3 a6 5.Ba4 Nf6 6.Bc2 e5 7.O-O g6 8.d4 Bg7 
9.Nbd2 Qc7 10.a4 O-O 11.a5 cxd4 12.cxd4 d5 13.dxe5 Nxe5 14.Nxe5 Qxe5 15.
Nf3 Qc7 16.exd5 Nxd5 17.Bxg6 hxg6 18.Qxd5 Be6 19.Qe4 Qc4 20.Qxb7 Bd5 21.
Qd7 Bxf3 22.gxf3 Rad8 23.Qh3 Rd5 24.Qg3 Re8 25.Ra3 Qb4 26.Re3 Rxe3 27.Bxe3
Rxa5 28.Rc1 Bxb2 29.Rc8+ Kg7 30.Kg2 Rh5 31.Rb8 Qa3 32.Rb7 Be5 33.f4 Bf6 
34.f5 g5 35.Qf3 Rh4 36.Qd5 Qf8 37.Qe6 Rh6 38.Qd7 Rh4 39.Rc7 Re4 40.Bc5 Qe8
41.Qxe8 Rxe8 42.Ra7 Re5 43.Bb6 1/2-1/2

[Event "POL-chT3"]
[Site "Jastrzebia Gora POL"]
[Date "2015.??.??"]
[Round "7.104"]
[White "Koziol, Pawel"]
[Black "Zaleski, Lukasz"]
[Result "0-1"]
[WhiteElo "1927"]
[BlackElo "2052"]
[EventDate "2015.??.??"]
[WhiteTitle "I++"]
[BlackTitle "k"]

1.e4 e6 2.d4 d5 3.Nc3 Nf6 4.e5 Nfd7 5.f4 c5 6.Nf3 Nc6 7.Be3 a6 8.Qd2 b5 9.
dxc5 Bxc5 10.Bd3 Qb6 11.Bf2 O-O 12.O-O Bxf2+ 13.Rxf2 h6 14.Re1 Nc5 15.f5 
b4 16.Nd1 exf5 17.Ne3 Ne4 18.Bxe4 dxe4 19.Nh4 Rd8 20.Qc1 g6 21.g4 Nxe5 22.
gxf5 g5 23.f6 gxh4 24.Kh1 Kh7 25.Rg2 Qxf6 26.Rf1 Nf3 27.Ng4 Qg5 28.Qxg5 
Nxg5 29.Nf6+ Kg6 0-1

[Event "POL-chT3"]
[Site "Jastrzebia Gora POL"]
[Date "2015.??.??"]
[Round "7.106"]
[White "Herman, Monika"]
[Black "Zielinski, Wojciech"]
[Result "0-1"]
[WhiteElo "1735"]
[BlackElo "2187"]
[EventDate "2015.??.??"]
[WhiteTitle "I++"]
[BlackTitle "I++"]

1.d4 Nf6 2.Nf3 g6 3.Bf4 Bg7 4.e3 O-O 5.h3 c5 6.c3 cxd4 7.exd4 d6 8.Be2 Qb6
9.Qb3 Qc7 10.Nbd2 Nc6 11.O-O e5 12.dxe5 dxe5 13.Be3 Be6 14.Qd1 h6 15.Qc1 
Nd5 16.Nb3 Kh7 17.Nc5 Bf5 18.Nh4 Bc8 19.Rd1 Nde7 20.Bd3 f5 21.Bc2 b6 22.
Nb3 Be6 23.Nf3 Rae8 24.Qb1 Kh8 25.a4 Nd5 26.Bc1 Qf7 27.a5 Nde7 28.Ra3 g5 
29.Bxg5 hxg5 30.Nxg5 Qf6 31.Nxe6 Qxe6 32.axb6 axb6 33.Nd2 e4 34.Re1 Qh6 
35.Nc4 Nd5 36.Qd1 Rd8 37.Qe2 Nf4 38.Qf1 Rg8 39.Kh2 Be5 40.Nxe5 Nxe5 41.Bb3
Nxh3 42.Bxg8 Nf4+ 43.Kg1 Nf3+ 44.gxf3 Rxg8+ 0-1

[Event "POL-chT3"]
[Site "Jastrzebia Gora POL"]
[Date "2015.??.??"]
[Round "7.107"]
[White "Grota, Mateusz"]
[Black "Bartczak, Hanna"]
[Result "1-0"]
[WhiteElo "1890"]
[BlackElo "1551"]
[EventDate "2015.??.??"]
[WhiteTitle "I"]
[BlackTitle "I"]

1.e4 d6 2.d4 Nf6 3.Nc3 c6 4.f3 Nbd7 5.Be3 e5 6.Nge2 Be7 7.Qd2 b5 8.d5 Bb7 
9.dxc6 Bxc6 10.Ng3 Qb8 11.Nf5 Bf8 12.a3 g6 13.Nh6 a5 14.Kf2 b4 15.axb4 
Qxb4 16.b3 Nb6 17.Nb1 Bxh6 18.Bxh6 Bxe4 19.Qxb4 axb4 20.Rxa8+ Nxa8 21.Bg7 
Bxc2 22.Bxh8 Nd5 23.Bc4 Nab6 24.Rc1 Bxb1 25.Rxb1 Nc3 26.Ra1 Nxc4 27.bxc4 
Kd7 28.f4 b3 29.fxe5 b2 30.e6+ fxe6 31.Bxc3 bxa1=Q 32.Bxa1 Kc6 33.Ke3 d5 
34.cxd5+ Kxd5 35.Kf4 h6 36.h4 g5+ 37.hxg5 hxg5+ 38.Kxg5 e5 39.Kf5 e4 40.
Bc3 e3 41.g4 1-0

[Event "POL-chT3"]
[Site "Jastrzebia Gora POL"]
[Date "2015.??.??"]
[Round "7.108"]
[White "Baranska, Monika"]
[Black "Cichocka, Urszula"]
[Result "0-1"]
[WhiteElo "1686"]
[BlackElo "1697"]
[EventDate "2015.??.??"]
[WhiteTitle "I++"]
[BlackTitle "I++"]

1.d4 Nf6 2.Bg5 d5 3.Nc3 e6 4.e4 Be7 5.e5 Nfd7 6.Bxe7 Qxe7 7.Nb5 Nb6 8.a4 
a6 9.Nc3 c5 10.dxc5 Qxc5 11.Qg4 O-O 12.Nf3 Nc6 13.Bd3 h6 14.O-O Nd7 15.
Rfe1 b6 16.Qh5 Nb4 17.Rac1 Bb7 18.Ne2 Rac8 19.g4 f6 20.Rf1 fxe5 21.Nxe5 
Nf6 22.Qh3 d4 23.Ng6 Rfe8 24.f4 Qd5 25.Ne5 Ne4 26.Qg2 Nd2 27.Qxd5 Bxd5 28.
Rfd1 Nxd3 29.cxd3 Nf3+ 30.Kf2 Nxe5 31.fxe5 Rf8+ 32.Ke1 Bf3 33.h3 Rc5 34.
Rxc5 bxc5 35.Rc1 Rb8 36.Rxc5 Bxe2 37.Kxe2 Rxb2+ 38.Kf3 Rh2 39.Rc4 Rxh3+ 
40.Ke2 Re3+ 41.Kd2 Rxe5 42.Rxd4 Kf7 43.Kc3 g5 44.Rd7+ Kg6 45.Rd6 a5 46.Kd4
Rd5+ 47.Rxd5 exd5 48.Kxd5 h5 49.gxh5+ Kxh5 50.Kc6 g4 51.d4 g3 52.d5 g2 53.
d6 g1=Q 54.d7 Qd4 55.Kc7 Qc5+ 56.Kb7 Qd6 0-1

[Event "POL-chT3"]
[Site "Jastrzebia Gora POL"]
[Date "2015.??.??"]
[Round "8.1"]
[White "Kantans, Toms"]
[Black "Tazbir, Marcin"]
[Result "1/2-1/2"]
[WhiteElo "2502"]
[BlackElo "2517"]
[EventDate "2015.??.??"]
[WhiteTitle "IM"]
[BlackTitle "GM"]

1.e4 e5 2.Nf3 Nc6 3.d4 exd4 4.Nxd4 Bc5 5.Nb3 Bb6 6.Nc3 Qf6 7.Qf3 Qxf3 8.
gxf3 Nb4 9.Bd3 Ne7 10.Be3 d6 11.Nb5 Kd8 12.Rg1 Bd7 13.Nc3 Rg8 14.h4 h5 15.
Ke2 Nxd3 16.cxd3 f6 17.d4 Ke8 18.a4 c6 19.a5 Bc7 20.Bf4 Kf7 21.Nd2 Be6 22.
b4 a6 23.Rac1 Rad8 24.Kd3 Bb8 25.Ne2 Rge8 26.Nf1 Ng6 27.Bg3 Ba7 28.Nf4 
Nxf4+ 29.Bxf4 d5 30.Be3 Rd7 31.Kc3 Bb8 32.Nd2 Rde7 33.Rce1 Bd7 34.Kd3 g6 
35.Kc3 Bd6 36.Rg2 dxe4 37.fxe4 Rxe4 38.Nxe4 Rxe4 39.Rh1 Bg4 40.Rgg1 Ke6 
41.Re1 Kd5 42.Rhg1 Bf5 43.Rh1 Bg4 44.Rhg1 Bf5 1/2-1/2

[Event "POL-chT3"]
[Site "Jastrzebia Gora POL"]
[Date "2015.??.??"]
[Round "8.2"]
[White "Sopur, Lech"]
[Black "Kolosowski, Mateusz"]
[Result "1/2-1/2"]
[WhiteElo "2419"]
[BlackElo "2425"]
[EventDate "2015.??.??"]
[WhiteTitle "m"]
[BlackTitle "IM"]

1.Nf3 d5 2.e3 Nf6 3.c4 c6 4.d4 Bf5 5.Nc3 e6 6.Nh4 Be4 7.Qb3 Qb6 8.Be2 Qxb3
9.axb3 Bc2 10.Bd1 Bxd1 11.Kxd1 Nbd7 12.Bd2 Be7 13.Nf3 O-O 14.Ke2 a6 15.
Rhc1 Rac8 16.Be1 Rfe8 17.cxd5 exd5 18.Na4 Ne4 19.b4 f5 20.Kd3 Bd6 21.g3 g5
22.Nc5 Rc7 23.Rc2 Ndf6 24.Ng1 g4 25.h4 Rce7 26.Re2 Nh5 27.Kc2 Nef6 28.Kd1 
Kf7 29.Nd3 Ne4 30.Ra3 Nhf6 31.Rc2 Rd8 32.Ne2 Ne8 33.Nc5 Bb8 34.Nd3 Bd6 35.
Nef4 Nc7 36.Ne2 Nb5 37.Rb3 Rde8 38.Nc5 Nf6 39.Rd3 Ne4 40.Nc3 Ra8 41.Nxb5 
Bxc5 42.Nc7 Rxc7 43.bxc5 Re7 44.Rb3 Rae8 45.Rc1 f4 46.gxf4 Nf6 47.Ke2 Nh5 
48.Kf1 Ng7 49.Kg2 Kg6 50.f3 Kh5 1/2-1/2

[Event "POL-chT3"]
[Site "Jastrzebia Gora POL"]
[Date "2015.??.??"]
[Round "8.3"]
[White "Cukrowski, Filip"]
[Black "Sapis, Witalis"]
[Result "1/2-1/2"]
[WhiteElo "2318"]
[BlackElo "2396"]
[EventDate "2015.??.??"]
[WhiteTitle "m"]
[BlackTitle "IM"]

1.e4 d5 2.exd5 Nf6 3.d4 Nxd5 4.c4 Nb6 5.Nc3 e5 6.d5 Bb4 7.Be2 c6 8.Qb3 Na6
9.dxc6 bxc6 10.Nf3 Qc7 11.O-O O-O 12.Be3 Nd7 13.Rfd1 Rb8 14.Qc2 Bc5 15.
Bxc5 Naxc5 16.Rab1 a5 17.a3 Nb3 18.Ng5 Nf6 19.Nce4 Nxe4 20.Qxe4 g6 21.Qh4 
f6 22.Ne4 Nd4 23.Bf1 Qe7 24.c5 Bf5 25.Bc4+ Kg7 26.Bd3 Bxe4 27.Qxe4 Qxc5 
28.Rdc1 Qd6 29.h4 f5 30.Qe3 h5 31.b4 axb4 32.axb4 Rfe8 33.Rc4 Rbd8 34.Bf1 
Qf6 35.Rc5 Rd6 36.b5 cxb5 37.Bxb5 Re7 38.Bc4 f4 39.Qe4 Nf5 40.Re1 Nxh4 41.
Rxe5 Qxe5 42.Qxe5+ Rxe5 43.Rxe5 Kf6 44.Ra5 Rd1+ 45.Kh2 Nf5 46.Ra2 Rd6 47.
Ba6 g5 48.Bc8 Ne7 49.Bb7 g4 50.Be4 Re6 51.Ra4 Re5 52.Bd3 Kg5 53.Rb4 Ng8 
54.Rb7 Ne7 55.Rb4 h4 56.f3 g3+ 57.Kh3 Nd5 1/2-1/2

[Event "POL-chT3"]
[Site "Jastrzebia Gora POL"]
[Date "2015.??.??"]
[Round "8.4"]
[White "Swic, Waldemar"]
[Black "Goluch, Piotr"]
[Result "1/2-1/2"]
[WhiteElo "2345"]
[BlackElo "2270"]
[EventDate "2015.??.??"]
[WhiteTitle "FM"]
[BlackTitle "k++"]

1.e4 c6 2.d3 d5 3.Nd2 e5 4.g3 Nf6 5.Bg2 Bc5 6.h3 dxe4 7.dxe4 a5 8.Ngf3 a4 
9.O-O Nbd7 10.Nh4 g6 11.Nc4 O-O 12.Bh6 Re8 13.Nd6 Re6 14.Nxc8 Rxc8 15.c3 
b5 16.Qe2 Bf8 17.Be3 Nc5 18.Rfd1 Qc7 19.Bxc5 Bxc5 20.Nf3 Rd8 21.Rxd8+ Qxd8
22.Rd1 Rd6 23.Rxd6 Qxd6 24.Nd2 Bb6 25.a3 Nd7 26.Bf1 c5 27.Qd3 Qxd3 28.Bxd3
c4 29.Bc2 Nc5 30.Kf1 f6 31.Ke2 Kf7 32.Nf3 Ke6 33.Ne1 f5 34.f3 Bd8 35.Ng2 
Bg5 36.f4 Bh6 37.Kf3 exf4 38.gxf4 Nd3 39.exf5+ Kxf5 40.Ne1 Bxf4 41.Nxd3 
cxd3 42.Bxd3+ Ke5 43.Bc2 Bh6 1/2-1/2

[Event "POL-chT3"]
[Site "Jastrzebia Gora POL"]
[Date "2015.??.??"]
[Round "8.5"]
[White "Dubinski, Mateusz"]
[Black "Flis, Pawel"]
[Result "1-0"]
[WhiteElo "2207"]
[BlackElo "2017"]
[EventDate "2015.??.??"]
[WhiteTitle "CM"]
[BlackTitle "k"]

1.d4 Nf6 2.c4 c5 3.d5 b5 4.cxb5 a6 5.f3 g6 6.e4 d6 7.Na3 Bg7 8.Ne2 O-O 9.
Nc3 e6 10.Bc4 axb5 11.Naxb5 Nxd5 12.Bxd5 exd5 13.Qxd5 Ra6 14.O-O Be6 15.
Qd3 Qb6 16.Be3 Nc6 17.Qxd6 Nd4 18.Qxb6 Rxb6 19.a4 Bc4 20.Rf2 Ra8 21.Nc7 
Ra5 22.N7d5 Rb7 23.Rc1 Bb3 24.h3 h5 25.f4 Kh7 26.g4 hxg4 27.hxg4 Kg8 28.e5
Rb8 29.Bxd4 cxd4 30.Ne7+ Kf8 31.Nc6 dxc3 32.Nxa5 Bxa4 33.Rxc3 Bd7 34.g5 
Ke8 35.Nc4 Be6 36.Nd6+ Kf8 37.Rd2 Kg8 38.Kf2 Bf8 39.Rc7 Rb4 40.Ke3 Rb3+ 
41.Rc3 Rb4 42.Ne4 Rb5 43.Nf6+ Kg7 44.Rh2 1-0

[Event "POL-chT3"]
[Site "Jastrzebia Gora POL"]
[Date "2015.??.??"]
[Round "8.6"]
[White "Antolak, Julia"]
[Black "Kulon, Klaudia"]
[Result "1/2-1/2"]
[WhiteElo "1945"]
[BlackElo "2250"]
[EventDate "2015.??.??"]
[WhiteTitle "k+"]
[BlackTitle "WGM"]

1.e4 c5 2.Nf3 d6 3.d4 cxd4 4.Nxd4 Nf6 5.Nc3 Nc6 6.Bg5 e6 7.Qd2 a6 8.O-O-O 
Bd7 9.f4 b5 10.a3 Qb6 11.Nb3 Rc8 12.Be2 b4 13.axb4 Nxb4 14.Bxf6 gxf6 15.
Qd4 Qxd4 16.Rxd4 Rb8 17.g3 h5 18.Kb1 h4 19.g4 Bh6 20.g5 fxg5 21.Rxd6 g4 
22.Rhd1 Bc6 23.Na5 Ba8 24.f5 Bf4 25.Rd7 Be5 26.fxe6 fxe6 27.Ra7 Bxc3 28.
Rxa8 Rxa8 29.bxc3 Rb8 30.cxb4 Rxb4+ 31.Nb3 Rxe4 32.Bxa6 O-O 33.Bd3 Rb4 34.
Rd2 Kg7 35.Kc1 Kh6 36.Re2 Rf6 37.Nc5 Rbf4 38.Ne4 Rf8 39.Kd2 e5 40.Rg2 Kh5 
41.Ke1 1/2-1/2

[Event "POL-chT3"]
[Site "Jastrzebia Gora POL"]
[Date "2015.??.??"]
[Round "8.7"]
[White "Gajek, Radoslaw"]
[Black "Rudolf, Michal"]
[Result "1-0"]
[WhiteElo "2384"]
[BlackElo "2326"]
[EventDate "2015.??.??"]
[WhiteTitle "IM"]
[BlackTitle "FM"]

1.d4 e6 2.c4 b6 3.e4 Bb7 4.Bd3 Nc6 5.d5 Ne5 6.Nf3 Bb4+ 7.Nc3 Bxc3+ 8.bxc3 
Nxf3+ 9.Qxf3 Qf6 10.Bd2 Qxf3 11.gxf3 Ne7 12.Rg1 O-O 13.O-O-O Ng6 14.f4 f6 
15.Rg3 Rf7 16.Rdg1 Re8 17.h4 Nxh4 18.f5 g5 19.fxe6 dxe6 20.e5 Ng6 21.exf6 
Rxf6 22.Rxg5 Kf7 23.Rh5 Nf8 24.f4 h6 25.f5 exd5 26.Bxh6 Rc8 27.Rg7+ Ke8 
28.Bg5 Rf7 29.f6 Rd8 30.Rh8 dxc4 31.Bg6 Rd7 32.Rgg8 1-0

[Event "POL-chT3"]
[Site "Jastrzebia Gora POL"]
[Date "2015.??.??"]
[Round "8.8"]
[White "Zujev, Oleg"]
[Black "Krainski, Aleksander"]
[Result "1-0"]
[WhiteElo "2271"]
[BlackElo "2134"]
[EventDate "2015.??.??"]
[WhiteTitle ""]
[BlackTitle "FM"]

1.d4 d5 2.c4 e6 3.Nc3 c5 4.cxd5 exd5 5.Nf3 Nc6 6.dxc5 d4 7.Na4 Bxc5 8.Nxc5
Qa5+ 9.Bd2 Qxc5 10.Rc1 Qb6 11.e3 dxe3 12.Bxe3 Qxb2 13.Bc4 Nge7 14.Ng5 Ne5 
15.O-O Nxc4 16.Bc5 Qe5 17.Qa4+ Bd7 18.Qxc4 Qxg5 19.Rfe1 Be6 20.Qb5+ Kf8 
21.h4 Qxh4 22.Qxb7 Re8 23.Ba3 Qa4 24.Re3 h5 25.Rc7 Kg8 26.Bxe7 Rh6 27.Qe4 
Rg6 28.Qxa4 1-0

[Event "POL-chT3"]
[Site "Jastrzebia Gora POL"]
[Date "2015.??.??"]
[Round "8.9"]
[White "Karpus, Michal"]
[Black "Warszawski, Bartosz"]
[Result "1/2-1/2"]
[WhiteElo "2303"]
[BlackElo "2224"]
[EventDate "2015.??.??"]
[WhiteTitle "FM"]
[BlackTitle "m"]

1.e4 c5 2.Nf3 e6 3.d4 cxd4 4.Nxd4 Nc6 5.Nc3 Qc7 6.Be2 a6 7.O-O Nf6 8.Be3 
Bb4 9.Nxc6 bxc6 10.Qd4 Be7 11.e5 Nd5 12.Nxd5 cxd5 13.c4 Bb7 14.Rac1 Qa5 
15.a3 dxc4 16.Bxc4 Bc6 17.b4 Qc7 18.Qf4 O-O 19.Qg3 Kh8 20.f4 f5 21.exf6 
gxf6 22.Rf2 Rg8 23.Qh4 Qb7 24.g3 Be4 25.Qh3 Rg6 26.Bd4 a5 27.Re1 axb4 28.
axb4 Qxb4 29.Qf1 d5 30.Rb2 Qa5 31.Ra2 Bc5 32.Bf2 Bxf2+ 33.Qxf2 Qd8 34.Rxa8
Qxa8 35.Qc5 Rg7 36.Kf1 Qb8 37.Be2 e5 38.Qc6 exf4 39.Ra1 fxg3 40.Ra8 Qxa8 
41.Qxa8+ Rg8 42.Qc6 gxh2 43.Qxf6+ 1/2-1/2

[Event "POL-chT3"]
[Site "Jastrzebia Gora POL"]
[Date "2015.??.??"]
[Round "8.10"]
[White "Chalupnik, Marcin"]
[Black "Karbowiak, Adam"]
[Result "1/2-1/2"]
[WhiteElo "2210"]
[BlackElo "2153"]
[EventDate "2015.??.??"]
[WhiteTitle "k++"]
[BlackTitle "k+"]

1.e4 e6 2.d4 d5 3.Nc3 dxe4 4.Nxe4 Bd7 5.Nf3 Bc6 6.Bd3 Nd7 7.O-O Ngf6 8.Ng3
Be7 9.c3 O-O 10.Re1 Bd5 11.Ne5 c5 12.Bg5 cxd4 13.cxd4 h6 14.Be3 Bb4 15.Rf1
Nxe5 16.dxe5 Nd7 17.Qh5 Qe7 18.Ne4 Bxe4 19.Bxe4 Bc5 20.Bf4 Rfd8 21.Rac1 
Nf8 22.Rc3 Rd4 23.Re1 Ng6 24.Bxh6 Rxe4 25.Rxe4 gxh6 26.Qxh6 Rd8 27.h4 Rd1+
28.Kh2 Rd4 29.Rxd4 Bxd4 30.Rc8+ Nf8 31.f4 Bxb2 32.Qg5+ Qxg5 33.hxg5 Bd4 
34.a4 Kg7 35.Rc7 Ng6 36.g3 Kf8 37.Rxb7 Ne7 38.Rb8+ Kg7 39.Kg2 Bb6 40.Kf3 
Nc6 41.Rb7 Nd4+ 42.Ke4 Nb3 43.Rb8 Nc5+ 44.Kf3 Nxa4 45.g4 Nc5 46.Kg3 Nd3 
47.Kf3 Nb4 48.Ke4 Nc6 49.Rc8 Ne7 50.Rb8 Kg6 51.Rb7 Bc5 52.Rc7 Bb4 53.Rxa7 
Bc5 54.Rc7 Bb4 55.Rb7 Bc5 56.Rb8 Ba3 57.Rb7 1/2-1/2

[Event "POL-chT3"]
[Site "Jastrzebia Gora POL"]
[Date "2015.??.??"]
[Round "8.11"]
[White "Krainski, Slawomir"]
[Black "Kaim, Piotr"]
[Result "1-0"]
[WhiteElo "2124"]
[BlackElo "2195"]
[EventDate "2015.??.??"]
[WhiteTitle "k"]
[BlackTitle "m"]

1.d4 Nf6 2.Bf4 g6 3.e3 Bg7 4.Nf3 d6 5.Be2 c5 6.Nbd2 cxd4 7.exd4 O-O 8.c3 
Nc6 9.O-O Re8 10.Nc4 Nd5 11.Bg5 h6 12.Ne3 Nxc3 13.bxc3 hxg5 14.Nxg5 e5 15.
Nf3 exd4 16.cxd4 d5 17.Rb1 Re4 18.Bd3 Re7 19.Rb5 Be6 20.Bc2 a6 21.Rc5 Rc8 
22.Bb3 b6 23.Rc1 Rec7 24.Qd2 Nxd4 25.Nxd4 Rxc1 26.Rxc1 Rxc1+ 27.Qxc1 Bxd4 
28.Qd2 Bxe3 29.fxe3 Qd6 30.Qd4 Qc5 31.Kf2 Qxd4 32.exd4 Kg7 33.Ke3 Kf6 34.
h4 b5 35.Kf4 a5 36.a3 b4 37.axb4 axb4 38.g4 Kg7 39.g5 Kf8 40.Bd1 Ke7 41.
Ke5 Bf5 42.h5 Be4 43.h6 Kf8 44.Kd6 Kg8 45.Kc5 Kh7 46.Kxb4 f6 47.gxf6 Kxh6 
48.Kc5 g5 49.Kd6 Bg6 50.Ke7 g4 51.Bxg4 Kg5 52.Bf3 Kf4 53.Bxd5 Ke3 54.Bf7 
Kxd4 1-0

[Event "POL-chT3"]
[Site "Jastrzebia Gora POL"]
[Date "2015.??.??"]
[Round "8.12"]
[White "Bednarska-bzdega, Malgorzata"]
[Black "Pacuszka, Wioletta"]
[Result "1-0"]
[WhiteElo "2052"]
[BlackElo "1943"]
[EventDate "2015.??.??"]
[WhiteTitle "WFM"]
[BlackTitle "I+"]

1.e4 c5 2.Nf3 e6 3.d4 cxd4 4.Nxd4 a6 5.Nc3 Qc7 6.Bd3 Nf6 7.f4 d6 8.Qe2 
Nbd7 9.g4 h6 10.Bd2 Be7 11.O-O-O b5 12.g5 hxg5 13.fxg5 Nh5 14.g6 Ne5 15.
gxf7+ Nxf7 16.Nf3 Ne5 17.Nxe5 dxe5 18.Qg4 Bf6 19.Rhf1 Qe7 20.Kb1 Bb7 21.
Nxb5 Bc6 22.Bb4 Qxb4 23.Qxe6+ Qe7 24.Qxc6+ Kf7 25.Be2 Ra7 26.Nxa7 1-0

[Event "POL-chT3"]
[Site "Jastrzebia Gora POL"]
[Date "2015.??.??"]
[Round "8.13"]
[White "Nguyen, Piotr"]
[Black "Krysztofiak, Marcin"]
[Result "1-0"]
[WhiteElo "2327"]
[BlackElo "2392"]
[EventDate "2015.??.??"]
[WhiteTitle "m"]
[BlackTitle "IM"]

1.d4 Nf6 2.Bg5 e6 3.e4 h6 4.Bxf6 Qxf6 5.c3 d5 6.Nd2 c5 7.Ngf3 Nc6 8.Bb5 
cxd4 9.Nxd4 Bd7 10.O-O Nxd4 11.Bxd7+ Kxd7 12.cxd4 Qxd4 13.Qe2 Kc7 14.Rac1+
Kb8 15.exd5 Qxd5 16.Rfd1 a6 17.Nf3 Qa5 18.Ne5 Ka7 19.Qe3+ Qb6 20.Nc6+ bxc6
21.Rd7+ 1-0

[Event "POL-chT3"]
[Site "Jastrzebia Gora POL"]
[Date "2015.??.??"]
[Round "8.14"]
[White "Maksimenko, Andrei"]
[Black "Licznerski, Lukasz"]
[Result "1-0"]
[WhiteElo "2453"]
[BlackElo "2293"]
[EventDate "2015.??.??"]
[WhiteTitle "GM"]
[BlackTitle "FM"]

1.Nf3 Nf6 2.c4 c5 3.d4 cxd4 4.Nxd4 e5 5.Nb5 d5 6.cxd5 Bc5 7.N5c3 O-O 8.g3 
e4 9.Bg2 Re8 10.O-O e3 11.Bxe3 Rxe3 12.Na4 Bg4 13.fxe3 Bxe3+ 14.Kh1 Bd7 
15.Nac3 Ng4 16.Nd2 Qg5 17.Nf3 Qh6 18.Qb3 Na6 19.Qxb7 Rd8 20.Rad1 Nc5 21.
Qb4 Re8 22.d6 a5 23.Qxa5 Bf2 24.h3 Be3 25.b4 Nf2+ 26.Rxf2 Bxf2 27.Kh2 Qg6 
28.g4 Bxg4 29.hxg4 Qh6+ 30.Bh3 Qf4+ 31.Kh1 Qg3 32.Bg2 Qxg4 33.d7 1-0

[Event "POL-chT3"]
[Site "Jastrzebia Gora POL"]
[Date "2015.??.??"]
[Round "8.15"]
[White "Flak, Pawel"]
[Black "Grabarczyk, Miroslaw"]
[Result "1/2-1/2"]
[WhiteElo "2223"]
[BlackElo "2442"]
[EventDate "2015.??.??"]
[WhiteTitle "k"]
[BlackTitle "GM"]

1.d4 d5 2.Nf3 Nf6 3.Bf4 c5 4.e3 Nc6 5.c3 Qb6 6.Qb3 c4 7.Qc2 Bf5 8.Qc1 e6 
9.Nh4 Be4 10.Nd2 h6 11.Nhf3 Bh7 12.Be2 Be7 13.b3 Qa5 14.a4 cxb3 15.Nxb3 
Qd8 16.O-O O-O 17.Qb2 Ne4 18.Nfd2 Nxd2 19.Nxd2 Na5 20.c4 dxc4 21.Nxc4 Nxc4
22.Bxc4 Rc8 23.Qb3 Be4 24.Rfc1 Qd7 25.h3 Bd6 26.Bxd6 Qxd6 27.Bd3 Bd5 28.
Bc4 Be4 29.Bd3 Bxd3 30.Qxd3 Rc7 31.Rc4 Qa6 32.Rac1 Rc6 33.R1c3 Rfc8 34.
Rxc6 Rxc6 35.Qxa6 Rxa6 36.Rb3 b6 37.Rb4 Ra5 38.e4 f5 39.f3 Kf7 40.Kf2 Ke7 
41.Ke3 Kd6 42.Kd3 Kc6 43.g4 fxe4+ 44.fxe4 h5 45.Ke3 b5 46.axb5+ Rxb5 47.
Rc4+ Kd7 48.gxh5 Rxh5 49.Kf4 Rh4+ 50.Kg3 Rxe4 51.Ra4 Ke7 52.Rxa7+ Kf6 53.
Rd7 Re3+ 54.Kg4 Rd3 55.h4 g6 56.Kf4 Rd1 57.Kg4 Rg1+ 58.Kf4 Rf1+ 59.Kg4 Rf5
60.Rd6 Ke7 61.Ra6 Rd5 62.Ra4 Kf6 63.Rb4 Ra5 64.Rb7 Ra3 65.Rd7 Rd3 66.Kf4 
Rd2 67.Kg4 Rd1 68.Kf4 Rf1+ 69.Kg4 Rf5 70.Rd6 Ra5 71.Rd7 Ra4 72.Kf3 Rb4 73.
Ke4 Rb1 74.Kf4 Re1 75.Kf3 Rd1 76.Kg4 Rd3 77.Kf4 Ra3 78.Kg4 Ra5 79.Kf4 Rb5 
1/2-1/2

[Event "POL-chT3"]
[Site "Jastrzebia Gora POL"]
[Date "2015.??.??"]
[Round "8.16"]
[White "Borgula, Rafal"]
[Black "Grzelak, Artur"]
[Result "1/2-1/2"]
[WhiteElo "2267"]
[BlackElo "2147"]
[EventDate "2015.??.??"]
[WhiteTitle "FM"]
[BlackTitle "m"]

1.d4 Nf6 2.Nf3 c5 3.d5 d6 4.Nc3 e5 5.e4 Be7 6.Be2 O-O 7.O-O Nbd7 8.Nd2 b6 
9.a4 Ne8 10.a5 Nc7 11.Bd3 Ba6 12.Bxa6 Nxa6 13.axb6 axb6 14.Nb5 Nb4 15.Rxa8
Qxa8 16.Nc4 Qa4 17.Nbxd6 Qxc2 18.Qxc2 Nxc2 19.Nf5 Bf6 20.Bd2 Ra8 21.Nfd6 
Ra4 22.Rb1 Nd4 23.b3 Nxb3 24.Bc3 Nd4 25.Bxd4 cxd4 26.Kf1 Bd8 27.Nb2 Rb4 
28.Ra1 Rxb2 29.Ra8 Kf8 30.Nf5 Ke8 31.Nxg7+ Ke7 32.Nf5+ Ke8 33.Nd6+ Ke7 34.
Nf5+ Ke8 35.Nd6+ Ke7 36.Nf5+ Kf6 37.Rxd8 d3 38.g3 Rb1+ 39.Kg2 d2 1/2-1/2

[Event "POL-chT3"]
[Site "Jastrzebia Gora POL"]
[Date "2015.??.??"]
[Round "8.17"]
[White "Szymczak, Rafal"]
[Black "Robak, Zbigniew"]
[Result "0-1"]
[WhiteElo "2062"]
[BlackElo "2192"]
[EventDate "2015.??.??"]
[WhiteTitle "k"]
[BlackTitle "m"]

1.f4 d5 2.Nf3 Nf6 3.g3 Nc6 4.Bg2 Bg4 5.h3 Bxf3 6.Bxf3 e5 7.e3 exf4 8.exf4 
Bc5 9.Qe2+ Kf8 10.c3 Qd6 11.d4 Re8 12.Be3 Bxd4 13.cxd4 Nxd4 14.Bxd4 Qb4+ 
15.Bc3 Rxe2+ 16.Kxe2 Qb5+ 17.Kf2 Qb6+ 18.Kg2 d4 19.Rd1 dxc3 20.Nxc3 Qxb2+ 
21.Ne2 g6 22.Rab1 Qxa2 23.Ra1 Qe6 24.Rxa7 Kg7 25.Nd4 Qe3 26.Rxb7 Ne4 27.
Rb2 Nc3 28.Rb3 Nxd1 29.Rxe3 Nxe3+ 30.Kf2 Nf5 31.Nc6 Ra8 32.g4 Ra2+ 33.Kg1 
Nh4 34.Bd5 Rd2 35.Be4 f5 36.Bh1 fxg4 37.hxg4 Rd1+ 38.Kh2 Rf1 39.Nd4 c5 40.
Ne6+ Kf6 41.Nxc5 Rxf4 42.Kg3 g5 43.Bc6 h6 44.Bb7 Rd4 45.Ne4+ Ke5 46.Nf2 
Ra4 47.Nd3+ Kd4 48.Nf2 Ra3+ 49.Kh2 Ke3 50.Nh3 Ke2 51.Ng1+ Kf1 52.Nh3 Ra2+ 
53.Kg3 Ng6 54.Bd5 Ra3+ 55.Kh2 Rxh3+ 56.Kxh3 Nf4+ 57.Kg3 Nxd5 0-1

[Event "POL-chT3"]
[Site "Jastrzebia Gora POL"]
[Date "2015.??.??"]
[Round "8.18"]
[White "Weglarz, Joanna"]
[Black "Leszner, Liliana"]
[Result "0-1"]
[WhiteElo "2004"]
[BlackElo "2027"]
[EventDate "2015.??.??"]
[WhiteTitle "k"]
[BlackTitle "WIM"]

1.d4 Nf6 2.Nc3 g6 3.e4 d6 4.Be3 c6 5.Qd2 Qa5 6.Bd3 Ng4 7.Nf3 Bg7 8.Nd1 Qb6
9.c3 Nd7 10.h3 Nxe3 11.Nxe3 c5 12.Nd5 Qd8 13.O-O e6 14.Ne3 O-O 15.Rfd1 Qe7
16.Bc2 b6 17.dxc5 dxc5 18.Ba4 Ne5 19.Nxe5 Bxe5 20.Ng4 Bg7 21.Qd6 Qxd6 22.
Rxd6 h5 23.Ne3 Be5 24.Rd3 Ba6 25.Rd7 b5 26.Bc2 b4 27.cxb4 cxb4 28.Rb1 Rfd8
29.Rxd8+ Rxd8 30.Rd1 Rc8 31.a3 bxa3 32.bxa3 Bf4 33.Bd3 Bxd3 34.Rxd3 Rc1+ 
35.Nd1 Ra1 36.g3 Bc1 37.Kg2 Rxa3 38.Rd7 a5 39.Rc7 Bd2 40.Nb2 Ra2 41.Nd3 
Be3 42.Kf3 Bd4 43.Rd7 e5 44.Re7 Rd2 0-1